Study on use wood energy in srey santhor district, kampong cham province (សិក្សាពីការប្រើប្រាស់ឈើថាមពលក្នុងស្រុកស្រីសន្ធរខេត្តកំពង់ចាម​) (Record no. 3210)

000 -LEADER
fixed length control field 00620nam a22001577a 4500
003 - CONTROL NUMBER IDENTIFIER
control field OSt
005 - DATE AND TIME OF LATEST TRANSACTION
control field 20151106102342.0
008 - FIXED-LENGTH DATA ELEMENTS--GENERAL INFORMATION
fixed length control field 151106b xxu||||| |||| 00| 0 eng d
040 ## - CATALOGING SOURCE
Transcribing agency RUA
082 ## - DEWEY DECIMAL CLASSIFICATION NUMBER
Classification number FOR KHU 2002 B128 Or.1
100 ## - MAIN ENTRY--PERSONAL NAME
9 (RLIN) 3440
Personal name KHUN, DARARITH.
245 ## - TITLE STATEMENT
Title Study on use wood energy in srey santhor district, kampong cham province (សិក្សាពីការប្រើប្រាស់ឈើថាមពលក្នុងស្រុកស្រីសន្ធរខេត្តកំពង់ចាម​)
260 ## - PUBLICATION, DISTRIBUTION, ETC. (IMPRINT)
Place of publication, distribution, etc. Phnom Penh
Name of publisher, distributor, etc. RUA
Date of publication, distribution, etc. 2002
300 ## - PHYSICAL DESCRIPTION
Extent 49p.
Other physical details ill.
Dimensions 29cm.
942 ## - ADDED ENTRY ELEMENTS (KOHA)
Source of classification or shelving scheme
Koha item type FOR
Holdings
Price effective from Date last seen Permanent Location Not for loan Date acquired Source of classification or shelving scheme Koha item type Lost status Withdrawn status Total Renewals Date last checked out Total Checkouts Shelving location Damaged status Barcode Current Location Full call number
2015-11-062015-11-06Library Block B 2015-11-06 FOR     B128 RUA002032Library Block BFOR KHU 2002 B128 Or.1
2015-11-062015-11-06Library Block B 2015-11-06 FOR     B128 RUA002176Library Block BFOR KHU 2002 B128 Or.2
2015-11-062022-02-01Library Block B 2015-11-06 FOR  22022-02-013B128 RUA002397Library Block BFOR KHU 2002 B128 Or.3
2015-11-062015-11-06Library Block B 2015-11-06 FOR     B128 RUA002253Library Block BFOR KHU 2002 B128 Or.4
2015-11-062015-11-06Library Block B 2015-11-06 FOR     B128 RUA002469Library Block BFOR KHU 2002 B128 Or.5
មជ្ឈមណ្ឌលឯការនៃសាកលវិទ្យាល័យភូមិន្ទកសិកម្មចំការដូង

Powered by Koha